000 00682nam a22002177a 4500
003 OSt
005 20251124134126.0
008 251124b |||||||| |||| 00| 0 eng d
020 _a978-0-07-110196-7.
040 _aDWCL-Main lib.
_cOC
082 _aCirc. 363.7 K21e 2008
100 _aKaufman, Robert K.
245 _aEnvironmental science/
_cRobert K. Kaufman
260 _aBoston :
_bMcgraw-Hill Higher Education,
_c c2008.
300 _axix, 552 p. :
_b col. ill.
_c ; 28 cm.
504 _aIncludes index.
650 _a1. Environmental movement.
650 _a2. Environmental protection.
650 _a3. Environmental sciences.
942 _2ddc
_cBK-CIRC
_hCirc.
_n0
999 _c6090
_d6090